|
|
|
|
| LEADER |
00000nam0a2200000 4500 |
| 001 |
109391 |
| 005 |
20231101214851.0 |
| 010 |
|
|
|a 5276007136
|
| 035 |
|
|
|a (RuTPU)RU\TPU\book\118107
|
| 090 |
|
|
|a 109391
|
| 100 |
|
|
|a 20070207d2006 m y0rusy50 ca
|
| 101 |
0 |
|
|a rus
|
| 102 |
|
|
|a RU
|
| 105 |
|
|
|a a j 001zy
|
| 200 |
1 |
|
|a Технологические основы контактной сварки легких сплавов
|e учебное пособие
|f В. И. Рязанцев, В. В. Овчинников
|g Московский государственный индустриальный университет
|
| 210 |
|
|
|a Москва
|c МГИУ
|d 2006
|
| 215 |
|
|
|a 164 с.
|c ил.
|
| 320 |
|
|
|a Библиогр.: с. 160-163.
|
| 330 |
|
|
|a В книге изложены основы технологии контактной сварки легких сплавов. Рассмотрены вопросы подготовки поверхности деталей под сварку, проектирования оборудования, организации производства и контроля качества сварных соединений. Определены основные направления повышения циклической прочности и коррозионной стойкости сварных соединений. Все технологические процессы контактной сварки даны применительно к типовым конструкциям и деталям из легких сплавов, применяемым в машиностроении. Книга предназначена для инженерно-технических работников, а также студентов и аспирантов, специализирующихся в области современных технологий.
|
| 606 |
1 |
|
|a Легкие сплавы
|x Металловедение
|x Сварка
|x Акустические свойства
|2 stltpush
|3 (RuTPU)RU\TPU\subj\39910
|9 59808
|
| 610 |
1 |
|
|a металловедение
|
| 610 |
1 |
|
|a контактная сварка
|
| 610 |
1 |
|
|a конструктивные особенности
|
| 610 |
1 |
|
|a сварные соединения
|
| 610 |
1 |
|
|a точечная сварка
|
| 610 |
1 |
|
|a поверхности
|
| 610 |
1 |
|
|a особые случаи
|
| 610 |
1 |
|
|a циклическая прочность
|
| 610 |
1 |
|
|a коррозионная стойкость
|
| 610 |
1 |
|
|a механизация
|
| 610 |
1 |
|
|a качество
|
| 610 |
1 |
|
|a контроль
|
| 610 |
1 |
|
|a неразрушающие методы
|
| 610 |
1 |
|
|a учебные пособия
|
| 675 |
|
|
|a 669.7(075.8)
|v 3
|
| 700 |
|
1 |
|a Рязанцев
|b В. И.
|g Владимир Иванович
|
| 701 |
|
1 |
|a Овчинников
|b В. В.
|g Виктор Васильевич
|
| 712 |
0 |
2 |
|a Московский государственный индустриальный университет
|2 stltpush
|3 (RuTPU)RU\TPU\col\11073
|
| 801 |
|
1 |
|a RU
|b 63413507
|c 20070207
|g PSBO
|
| 801 |
|
2 |
|a RU
|b 63413507
|c 20201105
|g PSBO
|
| 900 |
|
|
|a Технологические процессы сварки и резки
|
| 900 |
|
|
|a Технология и оборудование контактной сварки
|
| 942 |
|
|
|c BK
|
| 959 |
|
|
|a 10/20070129
|d 2
|e 160,00
|f ЧЗТЛ:2
|